L' ecclesiologia nel BEM

Saved in:  
Bibliographic Details
Main Author: Thurian, Max 1921-1996 (Author)
Format: Print Article
Language:Italian
Check availability: HBZ Gateway
Interlibrary Loan:Interlibrary Loan for the Fachinformationsdienste (Specialized Information Services in Germany)
Published: 1985
In: Studi ecumenici
Year: 1985, Volume: 3, Issue: 1, Pages: 9-24
Further subjects:B Church -- History of doctrines
B Baptism, Eucharist and Ministry (Document)
B Sacraments and Christian union
B Ecumenical movement -- Documents
B 1900-1999

MARC

LEADER 00000naa a22000002c 4500
001 1819567834
003 DE-627
005 20221021215158.0
007 tu
008 221021s1985 xx ||||| 00| ||ita c
035 |a (DE-627)1819567834 
035 |a (DE-599)KXP1819567834 
040 |a DE-627  |b ger  |c DE-627  |e rda 
041 |a ita 
084 |a 1  |2 ssgn 
100 1 |e VerfasserIn  |0 (DE-588)12300117X  |0 (DE-627)082286809  |0 (DE-576)168113767  |4 aut  |a Thurian, Max  |d 1921-1996 
109 |a Thurian, Max 1921-1996  |a Thurian, M. 1921-1996  |a Max De Taizé 1921-1996  |a Max Frère 1921-1996 
245 1 3 |a L' ecclesiologia nel BEM 
264 1 |c 1985 
336 |a Text  |b txt  |2 rdacontent 
337 |a ohne Hilfsmittel zu benutzen  |b n  |2 rdamedia 
338 |a Band  |b nc  |2 rdacarrier 
650 4 |a 1900-1999 
650 4 |a Church -- History of doctrines 
650 4 |a Sacraments and Christian union 
650 4 |a Ecumenical movement -- Documents 
650 4 |a Baptism, Eucharist and Ministry (Document) 
773 0 8 |i Enthalten in  |t Studi ecumenici  |d Verona : Ist., 1983  |g 3(1985), 1, Seite 9-24  |w (DE-627)166802298  |w (DE-600)308281-7  |w (DE-576)015247546  |x 0393-3687  |7 nnas 
773 1 8 |g volume:3  |g year:1985  |g number:1  |g pages:9-24 
935 |a mteo 
951 |a AR 
ELC |b 1 
ITA |a 1  |t 1 
LOK |0 000 xxxxxcx a22 zn 4500 
LOK |0 001 4200490099 
LOK |0 003 DE-627 
LOK |0 004 1819567834 
LOK |0 005 20221021052719 
LOK |0 008 221021||||||||||||||||ger||||||| 
LOK |0 035   |a (DE-Tue135)IxTheo#2022-10-19#E5AB1F51D962A77CDB45FEF1CBC99917AB7303ED 
LOK |0 040   |a DE-Tue135  |c DE-627  |d DE-Tue135 
LOK |0 092   |o n 
LOK |0 852   |a DE-Tue135 
LOK |0 852 1  |9 00 
LOK |0 935   |a ixzs  |a ixrk  |a zota 
LOK |0 939   |a 21-10-22  |b l01 
ORI |a SA-MARC-ixtheoa001.raw